000 00351nam a2200133Ia 4500
008 220216s9999 xx 000 0 und d
100 _aAnthony Franki
245 0 _aMalaysia: The return of Rubber Planting focus
260 _bRubber International Magazine
_c2011
300 _a20-21
650 _aMalaysia
650 _aRubber planting
942 _cJS
999 _c62388
_d62388